MDQL
is popping MORE tags! Check the
thread
!
Quizzes
Events
Quiz Creation
Community
Videos
Private Events
Remove Ads
Sign In
Join for FREE
Feedback
Dark Mode
Quiz Categories
Sports
Geography
Music
Movies
Television
Just For Fun
Miscellaneous
History
Literature
Language
Science
Gaming
Entertainment
Religion
Holiday
For Kids
Quiz Lab
Recent
Popular Today
Quiz Kudos Today
Editor Picks
Curator Picks
Quizzes by...
Day
Popularity
Type
Ratings
Length
Year
Community
Subscriptions
Recent Discussions
Orange Saloon
Badges
Playlists
Quests
Create
Leaderboards
Showdown
Live 5
Trivia Bingo
Activity
Puzzle Library
Sporcle Events
Private Events
Virtual Trivia
Globe League
Become a Host
Pub Owners
SporcleCon
Opinionation
Our Games
Videos
Blog
Mobile Apps
Partnerships
Remove Ads and Go Orange
Feedback
Sports
Athletes
MLB
NBA
NHL
NFL
Soccer
Sports Teams
WWE
NCAA
Football
Premier League
Basketball
Baseball
Hockey
Golf
Tennis
Cricket
Rugby
Auto Racing
Olympics
World Cup
Sports
Athletes
MLB
NBA
NHL
NFL
Soccer
Sports Teams
WWE
NCAA
Football
Premier League
Basketball
Baseball
Hockey
Golf
Tennis
Cricket
Rugby
Auto Racing
Olympics
World Cup
Random Quiz
Search Sporcle
×
Quiz Lab
Quiz Lab
Sports
MLB
Type in answers that appear in a list
Type in answers that appear in a list
Classic
Best Score? Go Orange.
Most Multi-HR Games by Team (1980-2010) Stats
Can you name the top 5 MLB players with the most multi-HR games for each franchise from 1980-2010?
By
ironsij0287
15m
160 Questions
3,215 Plays
3,215 Plays
3,215 Plays
Comments
Comments
Give Quiz Kudos
Give Quiz Kudos
-
- Ratings
hide this ad
More Info
Replay
Link that replays current quiz
Next Quiz
Link to next quiz in quiz playlist
You Got
0%
They Got
Avg Score
68%
Avg Friend Score
Upgrade to see
Score Distribution
Jump to the score distribution portion of the page
Score
0/160
Timer
15:00
1
Play Today
Team
Player
% Correct
Atlanta Braves
Chipper Jones
96.5%
Atlanta Braves
Andruw Jones
96.4%
Arizona Diamondbacks
Luis Gonzalez
96%
San Diego Padres
Adrian Gonzalez
96%
Texas Rangers
Juan Gonzalez
96%
Boston Red Sox
Manny Ramirez
94.9%
Cleveland Indians
Manny Ramirez
94.9%
Florida Marlins
Hanley Ramirez
94.8%
Chicago Cubs
Aramis Ramirez
94.7%
Pittsburgh Pirates
Barry Bonds
94.7%
San Francisco Giants
Barry Bonds
94.7%
Chicago Cubs
Sammy Sosa
94.6%
Boston Red Sox
David Ortiz
94.4%
New York Yankees
Alex Rodriguez
94.2%
Seattle Mariners
Alex Rodriguez
94.2%
Texas Rangers
Alex Rodriguez
94.2%
Texas Rangers
Ivan Rodriguez
94.1%
Cincinnati Reds
Ken Griffey Jr.
93.7%
Seattle Mariners
Ken Griffey Jr.
93.7%
Oakland Athletics
Mark McGwire
93.4%
St. Louis Cardinals
Mark McGwire
93.4%
Houston Astros
Jeff Bagwell
93.3%
Philadelphia Phillies
Ryan Howard
93%
Milwaukee Brewers
Prince Fielder
92.6%
Detroit Tigers
Cecil Fielder
92.5%
Colorado Rockies
Todd Helton
91.9%
Chicago White Sox
Frank Thomas
91.7%
Cleveland Indians
Jim Thome
91.7%
Milwaukee Brewers
Gorman Thomas
91.6%
St. Louis Cardinals
Albert Pujols
91.2%
Baltimore Orioles
Cal Ripken
91.1%
Colorado Rockies
Larry Walker
89.4%
San Francisco Giants
Matt Williams
89.2%
New York Yankees
Bernie Williams
89.1%
Los Angeles Angels
Vladimir Guerrero
87.2%
Washington Nationals
Vladimir Guerrero
87.2%
Oakland Athletics
Jose Canseco
87%
Seattle Mariners
Edgar Martinez
87%
Florida Marlins
Miguel Cabrera
86.1%
Houston Astros
Craig Biggio
86.1%
Houston Astros
Lance Berkman
86%
Chicago White Sox
Paul Konerko
85.8%
New York Mets
Carlos Delgado
85%
Toronto Blue Jays
Carlos Delgado
85%
Minnesota Twins
Kirby Puckett
84.4%
New York Yankees
Jason Giambi
84.2%
Oakland Athletics
Jason Giambi
84.2%
Philadelphia Phillies
Chase Utley
84.1%
Cincinnati Reds
Adam Dunn
83.8%
Kansas City Royals
George Brett
83.1%
Toronto Blue Jays
George Bell
83%
Cleveland Indians
Albert Belle
82.4%
Baltimore Orioles
Brady Anderson
82.3%
Los Angeles Angels
Garret Anderson
82.3%
Team
Player
% Correct
Philadelphia Phillies
Mike Schmidt
81.9%
Chicago Cubs
Derrek Lee
81.5%
Los Angeles Dodgers
Mike Piazza
81.4%
New York Mets
Mike Piazza
81.4%
New York Mets
Darryl Strawberry
80.3%
Kansas City Royals
Carlos Beltran
79.7%
New York Mets
Carlos Beltran
79.7%
Los Angeles Dodgers
Gary Sheffield
79%
Minnesota Twins
Justin Morneau
78.6%
Tampa Bay Rays
Carlos Pena
78.1%
New York Mets
David Wright
76.9%
Colorado Rockies
Andres Galarraga
76.8%
Cleveland Indians
Joe Carter
76.7%
Toronto Blue Jays
Joe Carter
76.7%
Washington Nationals
Gary Carter
76.6%
Tampa Bay Rays
Evan Longoria
76.1%
Colorado Rockies
Dante Bichette
76.1%
Seattle Mariners
Jay Buhner
75.1%
Baltimore Orioles
Rafael Palmeiro
74.8%
Texas Rangers
Rafael Palmeiro
74.8%
Boston Red Sox
Mo Vaughn
74.6%
Milwaukee Brewers
Greg Vaughn
74.4%
San Diego Padres
Greg Vaughn
74.4%
Tampa Bay Rays
Greg Vaughn
74.4%
San Francisco Giants
Jeff Kent
74.3%
Kansas City Royals
Bo Jackson
73.8%
Colorado Rockies
Vinny Castilla
72.9%
Cincinnati Reds
Eric Davis
72.6%
Houston Astros
Glenn Davis
72.6%
Los Angeles Angels
Chili Davis
72.6%
St. Louis Cardinals
Jim Edmonds
72.5%
Baltimore Orioles
Eddie Murray
72.3%
Chicago Cubs
Ryne Sandberg
72%
Los Angeles Angels
Tim Salmon
71.7%
Tampa Bay Rays
Fred McGriff
71.7%
Los Angeles Dodgers
Shawn Green
71%
Atlanta Braves
Dale Murphy
69.7%
Chicago White Sox
Magglio Ordonez
69.3%
Los Angeles Angels
Troy Glaus
69.2%
Chicago Cubs
Andre Dawson
69%
Washington Nationals
Andre Dawson
69%
Kansas City Royals
Jermaine Dye
68.9%
Pittsburgh Pirates
Jason Bay
67.6%
Pittsburgh Pirates
Bobby Bonilla
66.6%
Minnesota Twins
Kent Hrbek
66.2%
New York Yankees
Jorge Posada
64.9%
Arizona Diamondbacks
Tony Clark
64.8%
Detroit Tigers
Tony Clark
64.8%
San Francisco Giants
Will Clark
64.7%
Milwaukee Brewers
Robin Yount
64.2%
Cincinnati Reds
Barry Larkin
63.5%
New York Yankees
Dave Winfield
63.2%
Texas Rangers
Mark Teixeira
62.2%
Kansas City Royals
Mike Sweeney
61.9%
Team
Player
% Correct
Arizona Diamondbacks
Mark Reynolds
61.2%
Philadelphia Phillies
Scott Rolen
61%
San Diego Padres
Ken Caminiti
60.7%
Boston Red Sox
Dwight Evans
60.4%
Washington Nationals
Ryan Zimmerman
60.2%
Arizona Diamondbacks
Chris Young
60%
Oakland Athletics
Eric Chavez
59%
Toronto Blue Jays
Vernon Wells
59%
Atlanta Braves
Javy Lopez
58.1%
Florida Marlins
Dan Uggla
57.8%
Pittsburgh Pirates
Brian Giles
57.3%
Florida Marlins
Mike Lowell
56.5%
Boston Red Sox
Nomar Garciaparra
56%
Detroit Tigers
Kirk Gibson
55.7%
Tampa Bay Rays
Carl Crawford
55.5%
Philadelphia Phillies
Pat Burrell
54.9%
Cleveland Indians
Travis Hafner
54.2%
Seattle Mariners
Bret Boone
54.1%
Arizona Diamondbacks
Steve Finley
53.8%
Houston Astros
Moises Alou
53.7%
Florida Marlins
Preston Wilson
51.4%
Minnesota Twins
Gary Gaetti
51%
Los Angeles Dodgers
Eric Karros
49%
San Francisco Giants
Kevin Mitchell
47%
San Diego Padres
Phil Nevin
45.9%
Houston Astros
Richard Hidalgo
45.8%
San Diego Padres
Ryan Klesko
45.4%
Chicago White Sox
Robin Ventura
41.7%
Toronto Blue Jays
Jesse Barfield
41.1%
Pittsburgh Pirates
Jeff King
41%
Detroit Tigers
Lance Parrish
40.1%
St. Louis Cardinals
Ray Lankford
38.8%
Kansas City Royals
Steve Balboni
35.3%
Milwaukee Brewers
Jeromy Burnitz
35.1%
Washington Nationals
Tim Wallach
34.8%
Los Angeles Dodgers
Raul Mondesi
34.3%
Kansas City Royals
Danny Tartabull
32.5%
Cincinnati Reds
Jay Bruce
31.6%
Atlanta Braves
Bob Horner
30%
Detroit Tigers
Bobby Higginson
26.4%
Minnesota Twins
Tom Brunansky
26%
Cincinnati Reds
Sean Casey
21.6%
Detroit Tigers
Chet Lemon
19.8%
Chicago White Sox
Ron Kittle
19.7%
Philadelphia Phillies
Von Hayes
19.5%
Philadelphia Phillies
Mike Lieberthal
18.8%
Baltimore Orioles
Chris Hoiles
17.4%
Oakland Athletics
Nick Swisher
17.3%
St. Louis Cardinals
Ryan Ludwick
14.9%
Oakland Athletics
Scott Brosius
9.3%
Tampa Bay Rays
Jonny Gomes
9%
Seattle Mariners
Ken Phelps
7.8%
Quiz Playlist
Details
Report
Send in Message
Add To Playlist
More Info:
Washington Nationals includes Montreal Expos
Classic:
Type in answers that appear in a list
Quiz Source
Last Updated: Jul 25, 2017
Quiz Scoreboard
CHALLENGE
Sign Up to Join the Scoreboard
Show All
Scores
Hide
Comments
May contain spoilers
Recently Published
Street Fighter Characters
by Artimus82
Gaming
60s
9x9 Crossword: Cartoon Network
by jackfrog10
Miscellaneous
3m
College Basketball Coaching Resumes
by pancakes188
Sports
9m
More to Explore
Quiz From the Vault
Featured Blog Post
Where Did the Easter Bunny Come From?
hide this ad
You Might Also Like...
Tags
Baseball Quiz
MLB Quiz
1980s
franchise
Player
team
Today's Top Quizzes in Sports
Browse Sports
hide this ad
Today's Top Quizzes in MLB
Browse MLB
Top Contributed Quizzes in Sports
1
2022 World Cup Stars
2
Les meilleurs buteurs des matchs entre le PSG et l’OM
3
FIFA Club World Cup Champions
4
Les entraîneurs de l'OM et du PSG au 21e siècle
5
Criteria MLB: Left Handed Sluggers
6
2023 MLB Unique Player Accomplishments
7
AFC Teams Reveal (Wrong Answers Minefield)
8
5-to-1: FBS Animal Nicknames
9
Players with Multiple 50 Home Run Seasons
10
5-to-1: UK Sports Teams
Explore More
Trending Topics
Marvel
Crossword
Harry Potter
Kpop
NBA
Anime
Disney
Country
Song
The Office
Puzzle
Soccer
NFL
Pokémon
WWE
hide this ad
More By:
ironsij0287
Quiz
Plays
Rating
Category
Featured
Created
Alphabetical US States
366,633
4.51
Geography
Sep 9, 2009
NBA Western Scoring Leaders (2000s)
315,062
4.60
Sports
Oct 3, 2010
MLB Home Run Leaders (1990s)
260,144
4.51
Sports
Aug 26, 2009
Beers of the World
255,902
4.10
Miscellaneous
Aug 4, 2009
NBA Eastern Scoring Leaders (2000s)
203,047
4.52
Sports
Oct 3, 2010
Go to Creator's Profile
Score Distribution
Quiz Creator Spotlight
ironsij0287
Follow
Send a Message
Quizzes Created
-
Created Quiz Play Count
-
More By This Creator
Popular Quizzes Today
1
Find the US States - No Outlines Minefield
2
Find the Countries of Europe - No Outlines Minefield
3
The Countries of the World
4
Find the US States
5
Risky Map Clicking: Biggest States A-Z
6
US States
7
Popular People in 1961
8
Movies - When Are They Set?
More Sports Quizzes
Wrestlemania & Starrcade Wrestlers
Published
Trending Quizzes
Risky Map Clicking: Least Populous States A-Z
Countries of the World: 200 Million BC
1-10 Letter G Words
Risky Map Clicking: Next State Alphabetically
Adjectives in 80s TV Shows
Recently Updated
Leaping Animals
pecheneg
Reality TV Shows (A-Z)
bhenderson79
Rickey Henderson's Hall of Fame Teammates
pecheneg
Champions League XIs: Arsenal
pecheneg
Quick Pick: Celebrities in WWE's Hall of Fame
aduchscher
A-Z Keypad Blitz II
pecheneg
Multiple Oscar Actors
pecheneg
Mystery Phrase Blitz: Oscar 'Best Actors'
pecheneg
F. Scott Fitzgerald Novels
LTH
Pick 3 Villains
ddd62291
Trending Topics
Kpop
Marvel
Crossword
Harry Potter
Anime
Disney
NBA
The Office
WWE
Puzzle
Soccer
NFL
Song
Country
Pokémon
Your Account Isn't Verified!
In order to create a playlist on Sporcle, you need to verify the email address you used during registration. Go to your
Sporcle Settings
to finish the process.
Report this User
Report this user for behavior that violates our
Community Guidelines
.
Details:
Send Report
Go to the Sporcle.com Mobile Site →
Comments